• 首页
  • 本馆介绍
  • 公告通知
  • 最新文献
  • 馆藏检索
  • 电子资源
  • 读者导购
  • 参考咨询
  • 我的图书馆
  • 登录
  • 详细信息显示
  • 放入我的书架
  • 预约/预借图书
  • 作者相关作品
  • 分类相关作品
  • 丛书相关作品
  • 出版社相关作品

书目信息

  • 表格格式
  • 工作单格式
  • 卡片格式
题名:
火星上的人类学家
    
 
作者: 萨克斯 著 ;赵永芬 译
分册:  
出版信息: 北京   中信出版集团股份有限公司  2016
页数: 19,360页
开本: 22cm
丛书名:
单 册:
中图分类: B842.1
科图分类:
主题词: 认知心理学--ren zhi xin li xue--通俗读物
电子资源:
ISBN: 978-7-5086-6220-6
000 01192nam0 22002771 450
001 1754547277
005 20170516112211.0
010    @a978-7-5086-6220-6@b精装@dCNY48.00
100    @a20160722d2016 em y0chiy50 ea
101 1  @achi@ceng
102    @aCN@b110000
105    @aa z 000yy
106    @ar
200 1  @a火星上的人类学家@9huo xing shang de ren lei xue jia@dAn anthropologist on Mars@f(美)奥利弗·萨克斯(Oliver Sacks)著@g赵永芬译@zeng
210    @a北京@c中信出版集团股份有限公司@d2016
215    @a19,360页@d22cm
300    @a奥利弗·萨克斯——“探索者”系列
305    @a台湾远见天下文化出版股份有限公司授权使用
330    @a本书讲述的是对人类自己以及世界的新的认知,让我们感受人类心智活动的繁复与奇妙,以新的眼光重新发现日常与人生。全书共分为七章,主要内容包括:失去色彩的画家、最后的嬉皮士、精彩过活的妥瑞氏症医生、宁可再度失明的人、用画笔重建故乡的人等。
510 1  @aAnthropologist on Mars@zeng
606 0  @a认知心理学@9ren zhi xin li xue@j通俗读物
690    @aB842.1@v5
701  0 @c(美)@a萨克斯@9sa ke si@c(Sacks, Oliver@f1933~2015)@4著
702  0 @a赵永芬@9zhao yong fen@c(女)@4译
801  0 @aCN@b百万庄@c20170513
905    @b1006464-9@dB842.1@e1754@f6
    
    火星上的人类学家=An anthropologist on Mars/(美)奥利弗·萨克斯(Oliver Sacks)著/赵永芬译.-北京:中信出版集团股份有限公司,2016
    19,360页;22cm
    奥利弗·萨克斯——“探索者”系列
    
    ISBN 978-7-5086-6220-6(精装):CNY48.00
    本书讲述的是对人类自己以及世界的新的认知,让我们感受人类心智活动的繁复与奇妙,以新的眼光重新发现日常与人生。全书共分为七章,主要内容包括:失去色彩的画家、最后的嬉皮士、精彩过活的妥瑞氏症医生、宁可再度失明的人、用画笔重建故乡的人等。
●
相关链接 在E读中查询图书 在五车中查询图书 在当当中查询图书 在豆瓣中查询图书


正题名:火星上的人类学家     索取号:B842.1/1754         预约/预借

序号 登录号 条形码 馆藏地/架位号 状态 备注
1 1006464   210064641   第一样本阅览室/ [索取号:B842.1/1754] 在馆    
2 1006465   210064650   教育系资料室/ [索取号:B842.1/1754] 在馆    
3 1006466   210064669   教育系资料室/ [索取号:B842.1/1754] 在馆    
4 1006467   210064678   教育系资料室/ [索取号:B842.1/1754] 在馆    
5 1006468   210064687   第一借阅区/ [索取号:B842.1/1754] 在馆    
6 1006469   210064696   第一借阅区/ [索取号:B842.1/1754] 在馆    
唐山师范学院图书馆 欢迎您!
大连网信软件有限公司© 版权所有